| Tag |
First Indicator |
Second Indicator |
Subfields |
| LEADER |
00000pam a2200000 a 4500 |
| 001 |
in00000074088 |
| 005 |
20151008060155.0 |
| 008 |
810512s1982 nyua b 00100 eng |
| 010 |
|
|
|a 81007584
|
| 020 |
|
|
|a 0471081264
|
| 035 |
|
|
|a (OCoLC)07550783
|
| 035 |
|
|
|9 AAJ5250AM
|
| 039 |
0 |
|
|a 2
|b 3
|c 3
|d 3
|e 3
|
| 040 |
|
|
|a DLC
|c DLC
|d TXA
|d UtOrBLW
|
| 049 |
|
|
|a TXAM
|c [952018]
|
| 050 |
0 |
0 |
|a TH4820
|b .H68 1982
|
| 082 |
0 |
|
|a 728.3/4
|2 19
|
| 245 |
0 |
0 |
|a Housing /
|c John Macsai [and others] ; illustrator, Alfred J. Hidvegi.
|
| 250 |
|
|
|a 2nd ed.
|
| 264 |
|
1 |
|a New York :
|b Wiley,
|c [1982]
|
| 264 |
|
4 |
|c ©1982
|
| 300 |
|
|
|a xv, 590 pages :
|b illustrations ;
|c 29 cm.
|
| 336 |
|
|
|a text
|b txt
|2 rdacontent
|
| 337 |
|
|
|a unmediated
|b n
|2 rdamedia
|
| 338 |
|
|
|a volume
|b nc
|2 rdacarrier
|
| 500 |
|
|
|a "A Wiley-Interscience publication."
|
| 500 |
|
|
|a Includes index.
|
| 504 |
|
|
|a Bibliography: pages 563-567.
|
| 650 |
|
0 |
|a Apartment houses.
|
| 650 |
|
0 |
|a Architecture, Domestic.
|
| 700 |
1 |
|
|a Macsai, John,
|d 1926-
|
| 700 |
1 |
|
|a Hidvegi, Alfred J.
|
| 999 |
|
|
|a MARS
|
| 999 |
f |
f |
|s b77d6067-49e9-3f52-b322-f6ab43d08c97
|i 8648e6e8-a31f-3cd3-b5f4-4c13ebc8587d
|t 0
|
| 952 |
f |
f |
|p normal
|a Texas A&M University
|b College Station
|c Sterling C. Evans Library
|d Evans: Library Stacks
|t 0
|e TH4820 .H68 1982
|h Library of Congress classification
|i unmediated -- volume
|m A14806247681
|
| 998 |
f |
f |
|a TH4820 .H68 1982
|t 0
|l Evans: Library Stacks
|